000 00678nab a2200193 4500
001 244442
003 OSt
005 20260223085456.0
007 tu
008 260223s2020|||||||
040 _aDE-2950
_cDE-2950
245 0 0 _aDoppelstadt verhandelt über Defizit beim Grenzbus
_bNahverkehr. Slubice hat ein Angebot zur Aufteilung des Defizites bei der Buslinie 983 auf dem Tisch, das Frankfurt derzeit allein trägt. Gehen die Nachbarn darauf ein?
_cThomas Gutke
264 _c2025
653 _aFrankfurt (Oder)
653 _aGrenzbus
653 _aDefizit
773 0 _g37. Jahrgang (2026) Nr. 41 vom 18.02.2026 , S. 15 mit Foto
_tMärkische Oderzeitung
942 _2z
_cA
999 _c374307
_d374307